[Event "Oberliga Bayern 1920"]
[Site "Bayern"]
[Date "2019.12.08"]
[Round "4.5"]
[White "Hitzler, Philipp"]
[Black "Mostbauer, Maximilian"]
[Result "1/2-1/2"]
[WhiteElo "2249"]
[BlackElo "1975"]
[PlyCount "50"]
[EventDate "2019.10.20"]
[EventType "team-tourn"]
[EventRounds "9"]
[EventCountry "GER"]
[SourceTitle "EXT 2021"]
[Source "ChessBase"]
[SourceDate "2020.10.23"]
[SourceVersion "1"]
[SourceVersionDate "2020.10.23"]
[SourceQuality "1"]
[WhiteTeam "Regensburg Post/Sued"]
[BlackTeam "Trostberg"]
[WhiteTeamCountry "GER"]
[BlackTeamCountry "GER"]

1. d4 e6 2. c4 b6 3. Nc3 Bb7 4. Nf3 Nf6 5. Bg5 Be7 6. Qc2 c5 7. e4 cxd4 8. Nxd4 0-0 9. 0-0-0 Nc6 10. f4 Nxd4 11. Rxd4 e5 12. fxe5 Ng4 13. Bxe7 Qxe7 14. Be2 Nf2 15. Re1 Qxe5 16. Qd2 Nxe4 17. Nxe4 Bxe4 18. Bg4 f5 19. Bxf5 Qxf5 20. Rexe4 Rac8 21. Rf4 Qc5 22. g3 d5 23. b3 Rxf4 24. gxf4 dxc4 25. Rxc4 Qg1+ 1/2-1/2

[Event "Oberliga Bayern 1920"]
[Site "Bayern"]
[Date "2019.11.10"]
[Round "2.5"]
[White "De Francesco, Klaus"]
[Black "Hitzler, Philipp"]
[Result "1-0"]
[WhiteElo "2231"]
[BlackElo "2249"]
[PlyCount "73"]
[EventDate "2019.10.20"]
[EventType "team-tourn"]
[EventRounds "9"]
[EventCountry "GER"]
[SourceTitle "EXT 2021"]
[Source "ChessBase"]
[SourceDate "2020.10.23"]
[SourceVersion "1"]
[SourceVersionDate "2020.10.23"]
[SourceQuality "1"]
[WhiteTeam "Weilheim"]
[BlackTeam "Regensburg Post/Sued"]
[WhiteTeamCountry "GER"]
[BlackTeamCountry "GER"]

1. d4 d5 2. c4 c6 3. Nf3 Nf6 4. Nc3 e6 5. Bg5 h6 6. Bh4 Nbd7 7. e3 g5 8. Bg3 Nh5 9. Be5 f6 10. Nd2 Ng7 11. Bg3 Be7 12. Qc2 f5 13. f3 Nf8 14. Bd3 Bf6 15. 0-0-0 Ng6 16. Bf2 Bd7 17. g4 Rc8 18. Kb1 b5 19. c5 Nh4 20. gxf5 Nhxf5 21. Ne2 e5 22. e4 Nxd4 23. Nxd4 exd4 24. e5 Be7 25. Bg6+ Kf8 26. Nb3 Be8 27. Bd3 Ne6 28. Bxd4 a5 29. Bf5 Bd7 30. Be3 Kg7 31. h4 Qg8 32. Rhg1 Rf8 33. hxg5 h5 34. Bxe6 Qxe6 35. f4 Qh3 36. Qd2 a4 37. Nd4 1-0

[Event "Oberliga Bayern 1920"]
[Site "Bayern"]
[Date "2019.10.20"]
[Round "1.5"]
[White "Hitzler, Philipp"]
[Black "Malkiel, Daniel E"]
[Result "0-1"]
[WhiteElo "2207"]
[BlackElo "2114"]
[PlyCount "68"]
[EventDate "2019.10.20"]
[EventType "team-tourn"]
[EventRounds "9"]
[EventCountry "GER"]
[SourceTitle "EXT 2022"]
[Source "ChessBase"]
[SourceDate "2021.10.06"]
[SourceVersion "1"]
[SourceVersionDate "2021.10.06"]
[SourceQuality "1"]
[WhiteTeam "Regensburg Post/Sued"]
[BlackTeam "Bindlach Aktionaer"]
[WhiteTeamCountry "GER"]
[BlackTeamCountry "GER"]

1. d4 e6 2. Nf3 Nf6 3. c4 Bb4+ 4. Bd2 a5 5. g3 d5 6. Qc2 0-0 7. Bg2 c5 8. dxc5 d4 9. 0-0 Nc6 10. Bxb4 axb4 11. Nbd2 Qe7 12. Nb3 e5 13. Ng5 h6 14. Ne4 Nd7 15. e3 dxe3 16. fxe3 g6 17. Nd6 Nxc5 18. Nxc5 Qxd6 19. Ne4 Qe7 20. Nf6+ Kg7 21. g4 Ra6 22. Qe2 Nd8 23. Nd5 Qc5 24. Kh1 Be6 25. b3 Rd6 26. Rad1 b5 27. Rc1 bxc4 28. Rxc4 Qb5 29. Qb2 Rxd5 30. Rfc1 f6 31. a3 bxa3 32. Qxa3 Rd7 33. R4c3 Nf7 34. h3 Rfd8 0-1

[Event "Oberliga Bayern 1617"]
[Site "Bayern"]
[Date "2017.04.30"]
[Round "9.3"]
[White "Alvir, Aco"]
[Black "Hitzler, Philipp"]
[Result "1-0"]
[WhiteElo "2392"]
[BlackElo "2269"]
[PlyCount "81"]
[EventDate "2016.10.16"]
[EventType "team-tourn"]
[EventRounds "9"]
[EventCountry "GER"]
[SourceTitle "EXT 2019"]
[Source "ChessBase"]
[SourceDate "2018.10.10"]
[SourceVersion "1"]
[SourceVersionDate "2018.10.10"]
[SourceQuality "1"]
[WhiteTeam "Muenchen 36"]
[BlackTeam "Regensburg Post/Sued"]
[WhiteTeamCountry "GER"]
[BlackTeamCountry "GER"]

1. e4 e5 2. Nf3 Nc6 3. Bb5 a6 4. Ba4 Nf6 5. 0-0 b5 6. Bb3 Bb7 7. d3 Bc5 8. Nc3 d6 9. a3 Nd4 10. Nxd4 Bxd4 11. Ne2 Bb6 12. Ng3 Bc8 13. Bg5 h6 14. Be3 c6 15. Qf3 Bg4 16. Bxb6 Qxb6 17. Qe3 Qxe3 18. fxe3 0-0 19. h3 Be6 20. Nf5 Bxf5 21. Rxf5 Nh7 22. a4 Ng5 23. h4 Ne6 24. Raf1 Rae8 25. axb5 axb5 26. c3 Re7 27. d4 Nd8 28. Bc2 f6 29. Ra1 Nf7 30. Ra6 Rc8 31. Rf1 b4 32. Rfa1 bxc3 33. bxc3 c5 34. Ra8 Ree8 35. R8a7 Kf8 36. Bb3 c4 37. Bd1 exd4 38. Bh5 Re7 39. Rxe7 Kxe7 40. Ra7+ Ke6 41. Bg4+ 1-0

[Event "BL2-Ost 1415"]
[Site "Germany"]
[Date "2014.12.07"]
[Round "6.3"]
[White "Hertneck, Gerald"]
[Black "Hitzler, Philipp"]
[Result "1-0"]
[WhiteElo "2472"]
[BlackElo "2304"]
[PlyCount "81"]
[EventDate "2014.10.18"]
[EventType "team-tourn"]
[EventRounds "10"]
[EventCountry "GER"]
[SourceTitle "CBM 166 Extra"]
[Source "ChessBase"]
[SourceDate "2015.06.18"]
[SourceVersion "1"]
[SourceVersionDate "2015.06.18"]
[SourceQuality "1"]
[WhiteTeam "Zugzwang MSA"]
[BlackTeam "Neutraubling Wacker"]
[WhiteTeamCountry "GER"]
[BlackTeamCountry "GER"]

1. d4 d5 2. c4 c6 3. Nf3 Nf6 4. Nc3 a6 5. e3 b5 6. c5 Nbd7 7. Be2 Qc7 8. b4 e5 9. a4 Rb8 10. axb5 axb5 11. dxe5 Nxe5 12. Qd4 Nxf3+ 13. gxf3 Bf5 14. Bb2 Be7 15. Kd2 Rd8 16. Nxb5 cxb5 17. Bxb5+ Kf8 18. Qe5 Qb7 19. Ra5 Be6 20. Bd4 Ne8 21. Rb1 Bf6 22. Qf4 Bxd4 23. exd4 Nc7 24. Bd3 Bc8 25. Kc3 Ne6 26. Qg3 Qe7 27. Re1 Qf6 28. Re5 g6 29. b5 Kg7 30. b6 Bb7 31. Ra7 Rb8 32. f4 Nxf4 33. Qe3 Ne6 34. Bb5 Rhc8 35. Kb4 Nd8 36. Re7 Bc6 37. Qe5 Bxb5 38. Kxb5 Qxe5 39. dxe5 Kg8 40. Re8+ Kg7 41. e6 1-0

[Event "BL2-Ost 1415"]
[Site "Germany"]
[Date "2014.11.08"]
[Round "3.3"]
[White "Hitzler, Philipp"]
[Black "Braeuer, Franz"]
[Result "1/2-1/2"]
[WhiteElo "2304"]
[BlackElo "2319"]
[PlyCount "165"]
[EventDate "2014.10.18"]
[EventType "team-tourn"]
[EventRounds "10"]
[EventCountry "GER"]
[SourceTitle "CBM 166 Extra"]
[Source "ChessBase"]
[SourceDate "2015.06.18"]
[SourceVersion "1"]
[SourceVersionDate "2015.06.18"]
[SourceQuality "1"]
[WhiteTeam "Neutraubling Wacker"]
[BlackTeam "Erfurt"]
[WhiteTeamCountry "GER"]
[BlackTeamCountry "GER"]

1. d4 Nf6 2. Nf3 e6 3. c4 b6 4. Nc3 Bb7 5. Bg5 Bb4 6. Nd2 h6 7. Bh4 Nc6 8. e3 Ne7 9. Qb3 Bxc3 10. Qxc3 Nf5 11. Bg3 Nxg3 12. hxg3 Qe7 13. f3 d6 14. 0-0-0 Nd7 15. Kb1 0-0-0 16. Bd3 Kb8 17. Be4 d5 18. Bc2 Qf6 19. cxd5 exd5 20. g4 Nf8 21. Nb3 Ne6 22. Qd2 Rhe8 23. Bf5 Ng5 24. Bd3 Re6 25. Rhe1 Rde8 26. Re2 Qe7 27. Rde1 Qd6 28. Qc3 Qe7 29. Nd2 Rc6 30. Qb3 Rd6 31. Rc1 Qd8 32. Nf1 Rde6 33. Rec2 Qd6 34. Qa4 c6 35. Rc3 R6e7 36. Ka1 Ne6 37. Ba6 Rc8 38. Bd3 c5 39. Bf5 cxd4 40. Rxc8+ Bxc8 41. Bxe6 fxe6 42. exd4 e5 43. Ne3 Bd7 44. Qc2 exd4 45. Nf5 Bxf5 46. Qxf5 Qe6 47. Qc2 Kb7 48. a3 a5 49. Qa4 d3 50. Qd4 Qe5 51. Qxd3 d4 52. Rd1 Rd7 53. Kb1 Qd5 54. Qf5 Qxf5+ 55. gxf5 Kc6 56. Re1 d3 57. Re6+ Kc5 58. Kc1 b5 59. Re4 Rd4 60. Re5+ Rd5 61. Re4 Rxf5 62. b4+ axb4 63. axb4+ Kd6 64. Kd2 Rd5 65. Re8 h5 66. Rg8 Rg5 67. Kxd3 Rxg2 68. Rb8 Kc6 69. Rc8+ Kb6 70. Rb8+ Ka6 71. Rh8 g6 72. Rh6 Kb7 73. Kd4 Kc6 74. f4 Rg4 75. Ke5 Kc7 76. Rh7+ Kc6 77. Rh6 Kd7 78. Rh7+ Ke8 79. Rb7 g5 80. Ke6 Kd8 81. Rxb5 Rxf4 82. Rxg5 Rxb4 83. Rxh5 1/2-1/2

[Event "Oberliga Bayern 1112"]
[Site "Bayern"]
[Date "2011.12.11"]
[Round "4.2"]
[White "Hitzler, Philipp"]
[Black "Zajogin, Alexander"]
[Result "0-1"]
[WhiteElo "2274"]
[BlackElo "2353"]
[PlyCount "82"]
[EventDate "2011.10.02"]
[EventType "team-tourn"]
[EventRounds "9"]
[EventCountry "GER"]
[SourceTitle "EXT 2013"]
[Source "ChessBase"]
[SourceDate "2012.11.22"]
[SourceVersion "1"]
[SourceVersionDate "2012.11.22"]
[SourceQuality "1"]
[WhiteTeam "Neutraubling"]
[BlackTeam "Bayern Muenchen II"]
[WhiteTeamCountry "GER"]
[BlackTeamCountry "GER"]

1. d4 Nf6 2. c4 e6 3. Nf3 Bb4+ 4. Bd2 a5 5. g3 d5 6. Qc2 0-0 7. Bg2 c6 8. 0-0 b6 9. Bf4 Be7 10. Ne5 Nfd7 11. Rd1 Nxe5 12. Bxe5 Nd7 13. Bf4 Ba6 14. Nd2 Rc8 15. e4 c5 16. exd5 exd5 17. dxc5 Nf6 18. Ne4 Bxc4 19. Rac1 Bxc5 20. Nxc5 bxc5 21. Bg5 Re8 22. b3 Re2 23. Rd2 Rxd2 24. Qxd2 Ba6 25. Bxf6 Qxf6 26. Qxd5 Qb2 27. Re1 g6 28. Qd6 Bb5 29. Bd5 Kg7 30. Bxf7 Rf8 31. Re7 Qb1+ 32. Kg2 Bf1+ 33. Kf3 Qf5+ 34. Ke3 Rxf7 35. Rxf7+ Kxf7 36. Qc7+ Kg8 37. Qxa5 Qd3+ 38. Kf4 Qd4+ 39. Kf3 Qd3+ 40. Kf4 Qd5 41. Qc7 g5+ 0-1

[Event "Oberliga Bayern 1112"]
[Site "Bayern"]
[Date "2011.10.23"]
[Round "2.2"]
[White "Hitzler, Philipp"]
[Black "Vuckovic, Aleksandar"]
[Result "1-0"]
[WhiteElo "2274"]
[BlackElo "2288"]
[PlyCount "109"]
[EventDate "2011.10.02"]
[EventType "team-tourn"]
[EventRounds "9"]
[EventCountry "GER"]
[SourceTitle "EXT 2013"]
[Source "ChessBase"]
[SourceDate "2012.11.22"]
[SourceVersion "1"]
[SourceVersionDate "2012.11.22"]
[SourceQuality "1"]
[WhiteTeam "Neutraubling"]
[BlackTeam "Kriegshaber"]
[WhiteTeamCountry "GER"]
[BlackTeamCountry "GER"]

1. c4 e5 2. g3 Nc6 3. Bg2 g6 4. Nc3 Bg7 5. e4 d6 6. Nge2 Be6 7. Nd5 Qd7 8. d3 h5 9. h3 Nd8 10. d4 f5 11. Ne3 Ne7 12. d5 Bg8 13. Qc2 Nf7 14. Bd2 Bh7 15. h4 c6 16. Nc3 c5 17. Bh3 Nh6 18. f3 0-0 19. 0-0-0 Qd8 20. Rdg1 a6 21. g4 hxg4 22. fxg4 f4 23. Nf1 g5 24. hxg5 Nf7 25. g6 Bxg6 26. g5 Re8 27. Nh2 Kf8 28. Nf3 b5 29. Nh4 bxc4 30. Bf5 Bh5 31. Be6 Nc6 32. dxc6 Rxe6 33. g6 Ng5 34. Be1 Bf3 35. Rh2 d5 36. c7 Qxc7 37. Rxg5 dxe4 38. Nxe4 Bxe4 39. Qxe4 Rd8 40. Bc3 Qe7 41. Nf3 Rd3 42. Rgh5 Qd6 43. Qf5+ Rf6 44. Qc8+ Ke7 45. Rxe5+ Re6 46. Qb7+ Qd7 47. Rxe6+ Kxe6 48. Re2+ Kf5 49. Qe4+ Kg4 50. Rg2+ Kh5 51. Rh2+ Kg4 52. Rh4+ Kg3 53. Be1+ Kg2 54. Rh2+ Kf1 55. Rf2# 1-0

[Event "Landesliga Nord 1011"]
[Site "Bayern"]
[Date "2010.12.12"]
[Round "4.1"]
[White "Giessmann, Stephan"]
[Black "Hitzler, Philipp"]
[Result "0-1"]
[WhiteElo "2197"]
[BlackElo "2284"]
[PlyCount "108"]
[EventDate "2010.10.10"]
[EventType "team-tourn"]
[EventRounds "9"]
[EventCountry "GER"]
[SourceTitle "EXT 2012"]
[Source "ChessBase"]
[SourceDate "2011.11.24"]
[SourceVersion "1"]
[SourceVersionDate "2011.11.24"]
[SourceQuality "1"]
[WhiteTeam "Kelheim"]
[BlackTeam "Neutraubling"]
[WhiteTeamCountry "GER"]
[BlackTeamCountry "GER"]

1. d4 Nf6 2. c4 g6 3. Nc3 Bg7 4. e4 d6 5. h3 0-0 6. Bg5 Qe8 7. Bd3 e5 8. d5 Na6 9. Nge2 Nc5 10. Bc2 a5 11. 0-0 Nfd7 12. g4 Nb6 13. Nb5 Na6 14. b3 Bd7 15. Nec3 Nc8 16. Be3 Qe7 17. Na4 c6 18. Nbc3 c5 19. f3 Qh4 20. Kh2 Bh6 21. Qe1 Qxe1 22. Rfxe1 Bxe3 23. Rxe3 Nc7 24. Bd3 Rb8 25. Nb5 Bxb5 26. cxb5 Na8 27. Nb2 Nab6 28. a4 Ne7 29. Rf1 f5 30. Ree1 Rbc8 31. Kg3 Kg7 32. h4 Rf7 33. Nc4 Nxc4 34. bxc4 Rcf8 35. exf5 gxf5 36. h5 fxg4 37. fxg4 Rxf1 38. Bxf1 Rf4 39. Bd3 h6 40. Rb1 Rd4 41. Be2 Rd2 42. Re1 Ng8 43. Kf3 Nf6 44. Ke3 Ra2 45. Bd1 Ra3+ 46. Kf2 Rc3 47. Be2 Ne4+ 48. Kg2 Re3 49. b6 Nc3 50. Kf2 Rxe2+ 51. Rxe2 Nxe2 52. Kxe2 Kf6 53. Ke3 Kg5 54. Kf3 Kh4 0-1

[Event "Landesliga Nord 1011"]
[Site "Bayern"]
[Date "2010.11.14"]
[Round "3.1"]
[White "Hitzler, Philipp"]
[Black "Delitzsch, Juergen"]
[Result "1-0"]
[WhiteElo "2284"]
[BlackElo "2222"]
[PlyCount "115"]
[EventDate "2010.10.10"]
[EventType "team-tourn"]
[EventRounds "9"]
[EventCountry "GER"]
[SourceTitle "EXT 2012"]
[Source "ChessBase"]
[SourceDate "2011.11.24"]
[SourceVersion "1"]
[SourceVersionDate "2011.11.24"]
[SourceQuality "1"]
[WhiteTeam "Neutraubling"]
[BlackTeam "Bindlach II"]
[WhiteTeamCountry "GER"]
[BlackTeamCountry "GER"]

1. c4 g6 2. g3 Bg7 3. Nc3 d6 4. Bg2 e5 5. e4 Nc6 6. Nge2 Nge7 7. 0-0 0-0 8. d3 Be6 9. Rb1 Qd7 10. Nd5 f5 11. b4 Kh8 12. b5 Nd8 13. Be3 Ng8 14. Qd2 fxe4 15. Bxe4 c6 16. bxc6 bxc6 17. Ndc3 Nf6 18. Bg2 Bh3 19. Bh6 Bxg2 20. Bxg7+ Kxg7 21. Kxg2 Rf7 22. d4 e4 23. d5 c5 24. h3 Re7 25. Rb3 Nf7 26. Nd1 Ne5 27. Ne3 Rf8 28. Qb2 Kg8 29. Nf4 Nf3 30. Ne6 Rxe6 31. dxe6 Qxe6 32. Rb8 Ne8 33. Rc1 Nf6 34. Rxf8+ Kxf8 35. Qb8+ Kg7 36. Qxa7+ Kh6 37. Qb8 Qe7 38. Rb1 Nd7 39. Qh8 Nfe5 40. Ng4+ Nxg4 41. hxg4 Nf6 42. Rb7 Qe6 43. Qf8+ Kg5 44. Rxh7 Qxg4 45. Rh4 Qf3+ 46. Kg1 Qd1+ 47. Kh2 Ng4+ 48. Rxg4+ Qxg4 49. Qxd6 Qf5 50. Qd2+ Kf6 51. Qf4 Ke6 52. Qxf5+ gxf5 53. a4 Kd6 54. Kh3 Kc6 55. Kh4 Kb6 56. Kg5 Ka5 57. Kxf5 Kxa4 58. Kxe4 1-0

[Event "Regionalliga NO 0910"]
[Site "Bayern"]
[Date "2010.02.28"]
[Round "7.1"]
[White "Speckner, Roland"]
[Black "Hitzler, Philipp"]
[Result "0-1"]
[WhiteElo "2305"]
[BlackElo "2251"]
[PlyCount "73"]
[EventDate "2009.10.18"]
[EventType "team-tourn"]
[EventRounds "9"]
[EventCountry "GER"]
[SourceTitle "EXT 2011"]
[Source "ChessBase"]
[SourceDate "2010.11.26"]
[SourceVersion "1"]
[SourceVersionDate "2010.11.26"]
[SourceQuality "1"]
[WhiteTeam "Kareth Lappersdorf"]
[BlackTeam "Neutraubling"]
[WhiteTeamCountry "GER"]
[BlackTeamCountry "GER"]

1. e4 e5 2. f4 Bc5 3. Nf3 d6 4. Nc3 Nc6 5. Bb5 Bg4 6. Na4 Bb6 7. Nxb6 axb6 8. h3 Bxf3 9. Qxf3 Qh4+ 10. g3 Qe7 11. d3 Nf6 12. f5 d5 13. c3 Qc5 14. a4 0-0 15. Be3 Qd6 16. g4 Na7 17. g5 Nxb5 18. gxf6 Qxf6 19. Rg1 dxe4 20. dxe4 Qc6 21. Rg4 Nd6 22. Qg3 g6 23. fxg6 fxg6 24. Rxg6+ hxg6 25. Qxg6+ Kh8 26. Qh6+ Kg8 27. Qg6+ Kh8 28. Qh6+ Kg8 29. 0-0-0 Nf5 30. Rg1+ Kf7 31. Qh5+ Ke7 32. exf5 Kd7 33. Rg7+ Kc8 34. Rf7 Qh1+ 35. Kc2 Qe4+ 36. Kd1 Rd8+ 37. Bd2 0-1

[Event "Regionalliga NO 0910"]
[Site "Bayern"]
[Date "2009.12.13"]
[Round "4.1"]
[White "Hitzler, Philipp"]
[Black "Roesch, Gerald"]
[Result "0-1"]
[WhiteElo "2251"]
[BlackElo "1980"]
[PlyCount "102"]
[EventDate "2009.10.18"]
[EventType "team-tourn"]
[EventRounds "9"]
[EventCountry "GER"]
[SourceTitle "EXT 2011"]
[Source "ChessBase"]
[SourceDate "2010.11.26"]
[SourceVersion "1"]
[SourceVersionDate "2010.11.26"]
[SourceQuality "1"]
[WhiteTeam "Neutraubling"]
[BlackTeam "Amberg Siemens"]
[WhiteTeamCountry "GER"]
[BlackTeamCountry "GER"]

1. d4 d5 2. c4 e6 3. Nc3 Nf6 4. cxd5 exd5 5. Bg5 Nbd7 6. e3 Be7 7. Bd3 b6 8. Rc1 a6 9. Nf3 Bb7 10. 0-0 c5 11. dxc5 Nxc5 12. Bb1 0-0 13. Nd4 Nce4 14. Bf4 Bd6 15. Nce2 Rc8 16. Rxc8 Bxc8 17. Qc2 Nc5 18. Rd1 Bg4 19. f3 Bc8 20. Bg5 g6 21. b4 Ncd7 22. Nc6 Qe8 23. Qc3 Ne5 24. Bxf6 Nxc6 25. a3 Be5 26. Bxe5 Qxe5 27. Qxc6 Qxe3+ 28. Kf1 Bh3 29. gxh3 Qxf3+ 30. Ke1 Qh1+ 31. Kd2 Qxh2 32. Qc3 Re8 33. Qf3 Qe5 34. Bc2 Qb2 35. Qd3 Qe5 36. Nd4 Qf4+ 37. Kc3 Re3 38. Bb3 Rxd3+ 39. Rxd3 Qf6 40. Bxd5 h5 41. Kc4 b5+ 42. Kc3 Kg7 43. Rf3 Qe5 44. Rxf7+ Kh6 45. Rf3 Qxd5 46. Rd3 Qa2 47. Nc2 Kg5 48. Rg3+ Kf6 49. Rf3+ Ke5 50. Re3+ Kf4 51. Rd3 g5 0-1